000 00587nam a2200229Ia 4500
003 OSt
005 20220918202643.0
006 a|||||r|||| 00| 0
007 ta
008 220917b |||||||| |||| 00| 0 eng d
024 _a102,839
037 _cTextual
040 _aARTS
_cARTS
_beng
041 _2eng
_aeng
082 _aV253:1:C, J3
100 _aTriveda Devasahaya
_9104783
245 0 _aPre Mauryan history of Bihar
260 _aNA
_bNA
_c1953
650 _aHISTORY
942 _hV253:1:C, J3
_cTEXL
_2CC
999 _c226288
_d226288